Online Catalogue and eLibrary

Ideology and the Development of Sociological Theory (Record no. 1055)

MARC details
000 -LEADER
fixed length control field 00528nam a2200205Ia 4500
005 - DATE AND TIME OF LATEST TRANSACTION
control field 20250312065947.0
008 - FIXED-LENGTH DATA ELEMENTS--GENERAL INFORMATION
fixed length control field 240331s9999 xx 000 0 und d
020 ## - INTERNATIONAL STANDARD BOOK NUMBER
ISBN 0134501721
082 ## - DDC Classification
Class No. 301.01
Item Number - Author Mark ZEI
DDC Edition Number 5005
100 ## - MAIN ENTRY--PERSONAL NAME
Personal name Zeitlin, I. M
245 #0 - TITLE STATEMENT
Title Ideology and the Development of Sociological Theory
250 ## - EDITION STATEMENT
Edition statement 4th Edition
260 ## - PUBLICATION, DISTRIBUTION, ETC.
Place of publication, distribution, etc. New Jersey,
Name of publisher, distributor, etc. Prentice Hall
Date of publication, distribution, etc. 1968
300 ## - PHYSICAL DESCRIPTION
Extent (e.g. Volumes, Pages etc.) xvi, 331 p.,
650 ## - SUBJECT ADDED ENTRY--TOPICAL TERM
Topical term or geographic name entry element Development
650 ## - SUBJECT ADDED ENTRY--TOPICAL TERM
Topical term or geographic name entry element Post-Revolution
650 ## - SUBJECT ADDED ENTRY--TOPICAL TERM
Topical term or geographic name entry element Sociology
650 ## - SUBJECT ADDED ENTRY--TOPICAL TERM
Topical term or geographic name entry element Marxism
942 ## - Koha item type (Biblio)
Koha item type Books in Stacks (Lending)
Holdings
Lost status Damaged status Collection code Home library Current library Shelving location Date acquired Full call number Accession Number Item type
    Lending WERC Library WERC Library Social Science Cupboard 03/31/2024 301.01 ZEI 5005 Books in Stacks (Lending)

© WERC Library